Normal view
MARC view
Entry Topical Term
001 - CONTROL NUMBER
- control field: 48488
003 - CONTROL NUMBER IDENTIFIER
- control field: ARRUPE
005 - DATE AND TIME OF LATEST TRANSACTION
- control field: 20191112095517.0
008 - FIXED-LENGTH DATA ELEMENTS
- fixed length control field: 191112|| aca||aabn | a|a d
040 ## - CATALOGING SOURCE
- Original cataloging agency: ARRUPE
- Transcribing agency: ARRUPE
150 ## - HEADING--TOPICAL TERM
- Topical term or geographic name as entry element: Poitical anthropology
- Form subdivision: Sovereignity
- Form subdivision: Human territoriality
- Form subdivision: Political violennce
670 ## - SOURCE DATA FOUND
- Source citation: Work cat.: (ARRUPE): Comaroff, Jean 30547, Theory from the south :, 2012.